000
00347nam a2200133Ia 4500
008
151001s9999||||xx |||||||||||||| ||und||
100
_a
विनोद = साव
245
_a
भोंगपूर ३० किमी
250
_a
1
260
_b
पंकज बुक्स
260
_c
2007
300
_a
111
365
_b
21
999
_c
992315
_d
992312